| 000 | 00364nam a22001457a 4500 | ||
|---|---|---|---|
| 020 | _a0333253949 | ||
| 082 |
_a369.11 _bKAL _cD |
||
| 100 |
_aKaldor, Mary _938243 |
||
| 245 | _aThe world military order | ||
| 260 | _aThe macmillan press ltd | ||
| 300 |
_av, 306 p. : _c18cm |
||
| 526 |
_a0 _b0 _c0 _d369_110000000000000_KAL |
||
| 650 |
_aMCE _9379 |
||
| 942 |
_2ddc _cBK |
||
| 999 |
_c542886 _d542886 |
||